| 000 | 00766nab a2200241 u 4500 | ||
|---|---|---|---|
| 001 | 16732 | ||
| 003 | HDC | ||
| 007 | cr bn ---aaaaa | ||
| 008 | 210221c20120429xx dr|noo 0 a eng d | ||
| 040 | _aHDC | ||
| 245 | 0 | _aJapan: Halal Dumplings | |
| 260 |
_a[No place] : _b[publisher not identified], _c2012 |
||
| 336 |
_atext _2rdacontent |
||
| 337 |
_acomputer _2rdamedia |
||
| 338 |
_aonline resource _2rdacarrier |
||
| 650 |
_aFood Manufacturing _96301 |
||
| 650 |
_aFood products _zJapan _916436 |
||
| 710 | _aHalal Focus | ||
| 856 | _zRequest full-text at [email protected] | ||
| 942 | _2lcc | ||
| 942 | _cNEWS | ||
| 942 | _kNWSO 005752 | ||
| 999 |
_c14048 _d14048 |
||